00981nam a2200277 i 4500001001000000003000900010005001700019007000300036008004100039040003000080041000800110082001900118100003100137245008000168246008500248264006200333300002900395336002700424337003300451338002800484590002600512910000700538942001400545952012700559999001700686000039479DO-SdBNP20250319095207.0ta130702s1992 dr 000 0 spa d aDO-SdBNPbspacBNPHUerda hspa axxxbD542g2221 aDíaz, Hugoeautor96566610aGuía de impuestos y formatos de procedimientos judiciales /cHugo Díaz.14aMateria comercial :bguía de impuestos y formatos de procedimientos judiciales aSanto Domingo :bSecretaria de Estado de Educacion,c1992 a119 páginas. ;c22 cm. ardacontentbtexto2txt ardamediabsin mediación2n ardacarrierbvolumen2nc aInventariado, 2025/DG aDG 2ddccLBS1 00102ddc51708PDaBNPHUbBNPHUcCTd2025-03-19edonaciónl0oBNPHU PD D542gp2025-1999r2025-03-19w2025-03-19yLBS1 c58473d58473